00185nam a2200061Ia 4500245002500000100005700025008004100082 0aThe penny : a novel  a MEYER, Joyce New York, 2007 1st Faith Words ed 210817s9999 xx 000 0 und d